Tilastot visalle Meijän luokan bojat

Klikkaa tästä pelataksesi tätä visaa!

Yleistilastot

  • Tätä visaa on pelattu 24 kertaa
  • Keskiarvotulos 4 / 11

Vastaustilastot

VastausAlkukirjainSukunimi% Oikein
SamuSVaris
67%
LeeviLMäkinen
52%
JoonasJHintikka
48%
PaavoPRaivio
48%
RoniRSiirilä
38%
RoopeRRaitio
38%
SamuelSSole
33%
JohannesJKalmari
19%
MicoMKankkio
14%
PaulusPLeppänen
10%
AlpiAVuori
0%

Tulosjakauma

Persentiili vastausten määrän mukaan

Jokaisen tuloksen saaneiden osuus

Tuloshistoriasi

Et ole pelannut tätä visaa